Código de la circulación y legislación complementaria básica
ISBN:
84-7398-332-7
Descripción Física:
359 p., [16] p. de làm. : il. ; 16 cm
Colección:
Biblioteca de legislación Civitas
Otros Autores:
Rivera Menor, Estrella, ed
MARC
| LEADER | 00000nam a2200000Ia 4500 | ||
|---|---|---|---|
| 001 | 14232 | ||
| 008 | 160829s1985 xx 000 0 cat d | ||
| 020 | |a 84-7398-332-7 | ||
| 080 | |a M-4-176 | ||
| 100 | |a Espanya. Código de la Circulación (1934) |9 25869 | ||
| 245 | |a Código de la circulación y legislación complementaria básica | ||
| 250 | |a 3a ed. / preparada por Estrella Rivera Menor ; actualizada por la Redacción de Civitas | ||
| 260 | |a Madrid : |b Civitas, |c 1985 | ||
| 300 | |a 359 p., [16] p. de làm. : |b il. ; |c 16 cm | ||
| 490 | |a Biblioteca de legislación Civitas | ||
| 590 | |a Índex | ||
| 650 | |a Circulació |x Dret i legislació |x Espanya |9 48808 | ||
| 700 | |a Rivera Menor, Estrella, ed. |9 25870 | ||
| 901 | |a Arxiu | ||
| 942 | |n 1 | ||
| 952 | |0 0 |1 0 |4 0 |6 M4176 |7 1 |9 43821 |a Arxiu |b Arxiu |d 2016-12-01 |l 0 |o M-4-176 |p 14232 |r 2016-12-01 00:00:00 |w 2016-12-01 |y ARXIU | ||
| 999 | |c 46370 |d 46370 | ||